000 00274nam a22001217a 4500
008 171011b xxu||||| |||| 00| 0 eng d
041 _aeng
080 _23RD
_a316
100 _a50
101 _aSOC
245 _aTHE FAMILY IN VARIOUS CULTURES
_cQUEEN,S.A
942 _2udc
_cBK
999 _c33019
_d33019